Basic Economictrics (Record no. 1383)

MARC details
000 -LEADER
fixed length control field 00431nam a22001697a 4500
005 - DATE AND TIME OF LATEST TRANSACTION
control field 20180223171747.0
008 - FIXED-LENGTH DATA ELEMENTS--GENERAL INFORMATION
fixed length control field 160523b xxu||||| |||| 00| 0 eng d
020 ## - INTERNATIONAL STANDARD BOOK NUMBER
ISBN 978-0-07-066005-2
041 ## - LANGUAGE CODE
Language code of text/sound track or separate title eng
082 ## - DEWEY DECIMAL CLASSIFICATION NUMBER
Item number 4127
Classification number 330.015 195
100 ## - MAIN ENTRY--AUTHOR NAME
Personal name Gujarati / Damodarn Sangeetha
245 ## - TITLE STATEMENT
Title Basic Economictrics
260 ## - PUBLICATION, DISTRIBUTION, ETC. (IMPRINT)
Place of publication New Delhi
Name of publisher Academic Faundation
300 ## - PHYSICAL DESCRIPTION
Number of Pages 1011
650 ## - SUBJECT ADDED ENTRY--TOPICAL TERM
Topical Term Management
942 ## - ADDED ENTRY ELEMENTS (KOHA)
Koha item type Books
Holdings
Lost status Damaged status Home library Shelving location Date acquired Full call number Accession Number Koha item type Collection code Current library
    JRU Library SHELF 8 - G 23/05/2016 330.015 195 4127 Books    
    JRU Library SHELF-56-A 23/05/2016 330.015 195 4128 Books Reference